00770nam a2200253 i 450000100060000000300080000600500170001400800410003102000150007203500190008704000230010604100080012908200220013711000380015924500810019724600170027825000120029526000390030730000490034650000280039550400390042365000130046270000410047526810BD-RjUL20211209051053.0160903s1976 mauaf b 001 0 eng  a066997451X a(BD-RjUL)26881 aDLCcDLCdDLCbeng aeng00a530223bPHP 19762 aPhysical Science Study Committee.20aPhysics /cPhysical Science Study Committee ; Uri Haber-Schaim ... [et al.]. aPSSC Physics a4th ed. aLexington, Mass. :bHeath,cc1976. a673 p., [1] leaf of plates :bill. ;c27 cm. aAt head of title: PSSC. aIncludes bibliographies and index. 0aPhysics.2 aHaber-Schaim, Uri ...[et al.]d1926-